000 00499nam a2200169 i 4500
001 51649
003 ES-MaACL
005 20230906162412.0
007 t|
008 030814s1911 fr ||||1| fre d
100 1 _aChâteaubriant, Alphonse de.
_9197050
245 1 0 _aMonsieur des Lourdines
_b: histoire d'un gentilhomme campagnard /
_cAlhponse de Châteaubriant.
260 _aParis :
_bBernard Grasset,
_c1911.
300 _a289 p. ;
_c19 cm.
852 _aES-MaACL
_jG-8792
999 _c51649
_d51649